000 00663nam a22002057a 4500
999 _c22359
_d22359
003 AR-CdUCM
008 190328b ||||| |||| 00| 0 spa d
040 _aMUNICIPALIDAD PROVINCIAL DEL CUSCO
_cBIBLIOTECA MUNICIPAL DEL CUSCO
082 _a423.8/N10
_bN10/1875
245 _aNuevo Diccionario de la lengua Castellana /
260 _aParis.
_bLibreria de A. Bouret é hijo,
_c1875.
300 _a1498 páginas. :
_c32 cm.
505 _aContenido : Diccionario. -- Diccionario rima y sinónimos
650 _aDiccionario
_95196
650 _aSinónimos
_927240
650 _aRimas
_925891
650 _aCastellano
_97963
942 _2ddc
_cLIBROS
945 _arac